Reina y madre: la Virgen María según la teología franciscana

Saved in:
Bibliografiske detaljer
Hovedforfatter: Guernica, Juan de (Author)
Format: Bog
Sprog:spansk
latin
Udgivet: Santiago Imprenta San Francisco 1947
Udgivelse:1a. ed
Fag:
Tags: Tilføj Tag
Ingen Tags, Vær først til at tagge denne postø!

MARC

LEADER 00000cam a2200000 a 4500
001 UCD1679
003 CL-VaPUC
008 160324e19470000cl |||||||||||||||||spa|d
041 0 7 |a spa  |2 CL-VaPUC 
041 0 7 |a lat  |2 CL-VaPUC 
082 0 4 |a 268  |b GUE  |2 21 
100 |a Guernica, Juan de  |e author  |9 584824 
245 1 0 |a Reina y madre: la Virgen María según la teología franciscana 
250 |a 1a. ed 
300 |a 159 p 
942 |c BK 
945 |d 20160324 12:59:00  |a dcastane 
260 |a Santiago  |b Imprenta San Francisco  |c 1947 
600 0 |a Virgen María   |9 314204 
650 0 |a Catecismo  |9 333878 
650 0 |a Sacramentos   |9 257270 
583 |a last modification  |c 20160324 12:59:00  |k Rodrigo Vera 
999 |c 362950  |d 362948 
952 |0 0  |1 0  |3 erb  |4 0  |6 268_000000000000000_GUE_1947  |7 0  |8 P  |9 474598  |a BIBTEO  |b BIBTES  |c TEO_FTES  |i 5278430  |o 268 GUE 1947  |p 5278430  |r 2024-01-18  |w 2019-11-24  |y BK  |z Catalogado en:20160324  |k ICR 
952 |0 0  |1 0  |3 erb  |4 0  |6 268_000000000000000_GUE_1947  |7 0  |8 P  |9 474599  |a BIBTEO  |b BIBTES  |c TEO_FTES  |i 5278422  |o 268 GUE 1947  |p 5278422  |r 2024-01-18  |w 2019-11-24  |y BK  |z Catalogado en:20160324  |k ICR 
952 |0 0  |1 0  |3 erb  |4 0  |6 268_000000000000000_GUE_1947  |7 0  |8 P  |9 474600  |a BIBTEO  |b BIBTES  |c TEO_FTES  |i 5278414  |o 268 GUE 1947  |p 5278414  |r 2024-01-18  |w 2019-11-24  |y BK  |z Catalogado en:20160324  |k ICR